• 首页
  • 本馆介绍
  • 公告通知
  • 最新文献
  • 馆藏检索
  • 电子资源
  • 读者导购
  • 参考咨询
  • 我的图书馆
  • 登录
  • 详细信息显示
  • 放入我的书架
  • 预约/预借图书
  • 作者相关作品
  • 分类相关作品
  • 丛书相关作品
  • 出版社相关作品

书目信息

  • 表格格式
  • 工作单格式
  • 卡片格式
题名:
计算机应用基础
    
 
作者: 李慧华 , 谢宁 , 王勇 主编
分册:  
出版信息: 北京   中国科学技术出版社  2016.07
页数: 240页
开本: 29cm
丛书名:
单 册:
中图分类: TP3 , TP317.1
科图分类:
主题词: Windows操作系统--Windowscao zuo xi tong , 电子计算机--dian zi ji suan ji--基础知识 , 办公自动化--ban gong zi dong hua--应用软件--教材
电子资源:
ISBN: 978-7-5046-7182-0
000 01144nam0 2200301 450
001 0106081748
005 20201106082042.0
010    @a978-7-5046-7182-0@dCNY40.00
100    @a20181129e20192016em y0chiy50 ea
101 0  @achi
102    @aCN@b110000
105    @aa z 000yy
106    @ar
200 1  @a计算机应用基础@Aji suan ji ying yong ji chu@eWindows 7+Office 2010@f李慧华, 谢宁, 王勇主编
210    @a北京@c中国科学技术出版社@d2016.07@h2019.04
215    @a240页@c图@d29cm
300    @a全国计算机专业创新教材公共基础课系列
330    @a本书共分7个模块:计算机基础知识、Windows7操作系统的使用、Word2010文字处理软件的使用、Excel2010电子表格处理软件的使用、PowerPoint2010演示文稿制作软件的使用、计算机网络以及多媒体知识应用。
606 0  @aWindows操作系统@AWindowscao zuo xi tong
606 0  @a电子计算机@Adian zi ji suan ji@x基础知识
606 0  @a办公自动化@Aban gong zi dong hua@x应用软件@j教材
690    @aTP3@v5
690    @aTP317.1@v5
701  0 @a李慧华@Ali hui hua@4主编
701  0 @a谢宁@Axie ning@4主编
701  0 @a王勇@Awang yong@4主编
801  0 @aCN@bBJSZM@c20201106
905    @b1190852-5@dTP3@e1068@f4
    
    计算机应用基础:Windows 7+Office 2010/李慧华, 谢宁, 王勇主编.-北京:中国科学技术出版社,2016.07(2019.04)
    240页:图;29cm
    全国计算机专业创新教材公共基础课系列
    
    ISBN 978-7-5046-7182-0:CNY40.00
    本书共分7个模块:计算机基础知识、Windows7操作系统的使用、Word2010文字处理软件的使用、Excel2010电子表格处理软件的使用、PowerPoint2010演示文稿制作软件的使用、计算机网络以及多媒体知识应用。
●
相关链接 在E读中查询图书 在五车中查询图书 在当当中查询图书 在豆瓣中查询图书


正题名:计算机应用基础     索取号:TP3/1068         预约/预借

序号 登录号 条形码 馆藏地/架位号 状态 备注
1 1190852   211908523   第二样本阅览室/ [索取号:TP3/1068] 在馆    
2 1190853   211908532   第三借阅区/ [索取号:TP3/1068] 在馆    
3 1190854   211908541   第三借阅区/ [索取号:TP3/1068] 在馆    
4 1190855   211908550   第三借阅区/ [索取号:TP3/1068] 在馆    
唐山师范学院图书馆 欢迎您!
大连网信软件有限公司© 版权所有